书目信息 |
| 题名: |
中国环保产业设备大全 第四卷
|
|
| 作者: | 本社 编 | |
| 分册: | ||
| 出版信息: | 北京 中国环境科学出版社 1995.09 |
|
| 页数: | 4002-4173页 | |
| 开本: | 16开 | |
| 丛书名: | ||
| 单 册: | ||
| 中图分类: | X701.2 | |
| 科图分类: | ||
| 主题词: | 废物 , ?0 , 安全学 , 废物处理 , 废物综合利用 | |
| 电子资源: | ||
| ISBN: | 7-80093-844-1 | |
| 000 | 00649nam0 2200229 45 | |
| 001 | 0006021095 | |
| 005 | 20001125155934.7 | |
| 010 | @a7-80093-844-1@dCNY 96.00 | |
| 100 | @a20000602d1995 km y0chiy0120 ea | |
| 101 | @achi | |
| 200 | 1 | @a中国环保产业设备大全 第四卷@AZhong Guo Huan Bao Chan Ye She Bei Da Quan Di Si Juan@f本社编@FBen She Bian |
| 210 | @a北京@c中国环境科学出版社@d1995.09 | |
| 215 | @a4002-4173页@d16开 | |
| 606 | 0 | @a废物 |
| 606 | 0 | @a?0 |
| 606 | @a安全学 | |
| 606 | 0 | @a废物处理 |
| 606 | 0 | @a废物综合利用 |
| 690 | @aX701.2@v3 | |
| 701 | @a本社@4编 | |
| 801 | @aCN@bPftUser@c20000602 | |
| 905 | @dX701.2@eZH319:4@b504160-164@f5 | |
| 中国环保产业设备大全 第四卷/本社编.-北京:中国环境科学出版社,1995.09 |
| 4002-4173页;16开 |
| ISBN 7-80093-844-1:CNY 96.00 |
| ● |
| 相关链接 |
|
|
|
正题名:中国环保产业设备大全 第四卷
索取号:X701.2/ZH319:4
 
预约/预借
| 序号 | 登录号 | 条形码 | 馆藏地/架位号 | 状态 | 备注 |
| 1 | 371895 | 203718959 | 自科库501/501自科库 103排2列4层/ [索取号:X701.2/ZH319:4] | 在馆 | |
| 2 | 371896 | 203718968 | 自科库501/501自科库 103排2列4层/ [索取号:X701.2/ZH319:4] | 在馆 | |
| 3 | 371897 | 203718977 | 自科库501/501自科库 103排2列4层/ [索取号:X701.2/ZH319:4] | 在馆 |